000 00585nam a22002177a 4500
003 OSt
005 20250425133647.0
008 250425b |||||||| |||| 00| 0 eng d
020 _a9780792358961
040 _cLondon
050 _aKD3830
_b.4.L435 1999
100 _aBradlow, Daniel D.
_eAuthor
245 _aLegal Aspects of Foreign Direct Investment
260 _aLondon :
_bKluwer Law International
_cc1999
300 _axxi, 616pp
490 _3International Law
500 _aIncludes index
600 _2International Law
700 _aAlfred Escher
942 _2lcc
_cBK
_n0
999 _c5548
_d5548